ბათუმის შოთა რუსთაველის სახელმწიფო უნივერსიტეტის ბიბლიოთეკა

მეოცე საუკუნის ქართული ლიტერატურის ისტორიის ნარკვევები (ბიბ.ჩანაწერი № 43117)

000 -LEADER
fixed length control field 00916nam a2200229Ia 4500
001 - CONTROL NUMBER
control field 9838
003 - CONTROL NUMBER IDENTIFIER
control field GE_BSU
008 - FIXED-LENGTH DATA ELEMENTS--GENERAL INFORMATION
fixed length control field 181216s||||||||xx |||||||||||||| ||und||
040 ## - CATALOGING SOURCE
Transcribing agency GE_BSU
080 ## - UNIVERSAL DECIMAL CLASSIFICATION NUMBER
Universal Decimal Classification number 821.353.1.09
100 ## - MAIN ENTRY--PERSONAL NAME
Personal name ნიკოლეიშვილი,ავთანდილ
245 ## - TITLE STATEMENT
Title მეოცე საუკუნის ქართული ლიტერატურის ისტორიის ნარკვევები
245 ## - TITLE STATEMENT
Remainder of title წიგნი: პირველი
245 ## - TITLE STATEMENT
Statement of responsibility, etc. რედ:ელგუჯა,თავბერიძე
260 ## - PUBLICATION, DISTRIBUTION, ETC.
Place of publication, distribution, etc. ქუთაისი
260 ## - PUBLICATION, DISTRIBUTION, ETC.
Name of publisher, distributor, etc. მოწამეთა
260 ## - PUBLICATION, DISTRIBUTION, ETC.
Date of publication, distribution, etc. 1994
300 ## - PHYSICAL DESCRIPTION
Extent 634გვ;20სმ
653 ## - INDEX TERM--UNCONTROLLED
Uncontrolled term მეოცე საუკუნის ქართული ლიტერატურის ისტორიის ნარკვევები
942 ## - ADDED ENTRY ELEMENTS (KOHA)
Koha item type წიგნი
ეგზემპლარები
Withdrawn status Lost status Damaged status Not for loan Date acquired Barcode Date last seen Price effective from Koha item type
        2018-12-17 33191 2018-12-17 2018-12-17 წიგნი
        2018-12-17 33192 2018-12-17 2018-12-17 წიგნი
        2018-12-17 33193 2018-12-17 2018-12-17 წიგნი
        2018-12-17 33194 2018-12-17 2018-12-17 წიგნი